Agricultural research journal (Record no. 137190)

MARC details
000 -LEADER
fixed length control field 00467nam a22001577a 4500
005 - DATE AND TIME OF LATEST TRANSACTION
control field 20170124115047.0
008 - FIXED-LENGTH DATA ELEMENTS--GENERAL INFORMATION
fixed length control field 170124b xxu||||| |||| 00| 0 eng d
022 ## - INTERNATIONAL STANDARD SERIAL NUMBER
International Standard Serial Number 2395-1435
082 ## - DEWEY DECIMAL CLASSIFICATION NUMBER
Classification number 630
245 ## - TITLE STATEMENT
Title Agricultural research journal
260 ## - PUBLICATION, DISTRIBUTION, ETC. (IMPRINT)
Place of publication, distribution, etc Ludhiana
Name of publisher, distributor, etc Punjab Agricultural University
300 ## - PHYSICAL DESCRIPTION
Extent v.
Dimensions 28cm
310 ## - CURRENT PUBLICATION FREQUENCY
Current publication frequency Quarterly
270 ## - ADDRESS
Address Punjab Agriculture University
City Ludhina
Country India
Postal code 141004
942 ## - ADDED ENTRY ELEMENTS (KOHA)
Source of classification or shelving scheme Dewey Decimal Classification
Item type Periodicals
Call number suffix AGI
Serial record 1
Classification part 630
Holdings
Withdrawn status Lost status Source of classification or shelving scheme Damaged status Not for loan Collection code Home library Current library Date acquired Source of acquisition Total Checkouts Full call number Date last seen Price effective from Koha item type
    Dewey Decimal Classification   Not For Loan Non-fiction D.B.Act.Division D.B.Act.Division 24/01/2017 DBAD/PUB   630 AGI 24/01/2017 24/01/2017 Periodicals

© Delhi Public Library
Hit Counter
free hit counter